000 00595nam a2200193 a 4500
001 0338
005 20140414132017.0
008 040910s19uu xx 00 eng d
020 _a0-590-30384-8
050 _aTR
_bC62 1978
100 _aBarrett, Judi
245 _aCloudy with a chance of meatballs /
_cwritten by Judi Barrett ; illustrated by Ron Barret.
260 _aNew York :
_bScholastic,
_c1978.
300 _a1 v. p. : ill. ; cm.
520 _aThe weather is delicious in the town of Chewandswallow!
650 _aFoods
_xFiction.
650 _aChildren stories.
999 _c113391
_d113391